<?xml version="1.0" encoding="UTF-8"?>
<record
    xmlns:xsi="http://www.w3.org/2001/XMLSchema-instance"
    xsi:schemaLocation="http://www.loc.gov/MARC21/slim http://www.loc.gov/standards/marcxml/schema/MARC21slim.xsd"
    xmlns="http://www.loc.gov/MARC21/slim">

  <leader>01797nam a22001937a 4500</leader>
  <controlfield tag="003">OSt</controlfield>
  <controlfield tag="005">20241209170608.0</controlfield>
  <controlfield tag="008">230828s2017    ag ||||| |||| 00| 0 spa d</controlfield>
  <datafield tag="020" ind1=" " ind2=" ">
    <subfield code="a">9789501294828</subfield>
  </datafield>
  <datafield tag="040" ind1=" " ind2=" ">
    <subfield code="c">besoc</subfield>
  </datafield>
  <datafield tag="100" ind1="1" ind2=" ">
    <subfield code="a">Os&#xE9;s, Mar&#xED;a Antonia</subfield>
  </datafield>
  <datafield tag="245" ind1="1" ind2="0">
    <subfield code="a">Diccionario Paid&#xF3;s de bullying y ciberbullying / </subfield>
    <subfield code="c">Mar&#xED;a Antonia Os&#xE9;s. </subfield>
  </datafield>
  <datafield tag="250" ind1=" " ind2=" ">
    <subfield code="a">1a ed.</subfield>
  </datafield>
  <datafield tag="260" ind1=" " ind2=" ">
    <subfield code="a">Buenos Aires :</subfield>
    <subfield code="b">Paid&#xF3;s, </subfield>
    <subfield code="c">2017.</subfield>
  </datafield>
  <datafield tag="300" ind1=" " ind2=" ">
    <subfield code="a">180 p.</subfield>
  </datafield>
  <datafield tag="520" ind1=" " ind2=" ">
    <subfield code="a">El acoso y la violencia ejercida en sus diferentes formas trascienden el &#xE1;mbito institucional y est&#xE1;n presentes en la vida de los ni&#xF1;os y j&#xF3;venes de todo el mundo. Este diccionario tem&#xE1;tico de bullying y ciberbullying, primero en su especie, nos permite entrar en ese mundo y resulta una ayuda invalorable para descubrir qu&#xE9; es el bullying, c&#xF3;mo y cu&#xE1;ndo utilizar adecuadamente los t&#xE9;rminos para referirnos a &#xE9;l. Se constituye, de esta forma, en una herramienta de consulta fundamental para los profesionales en los diversos &#xE1;mbitos educativos y para quienes utilizan a diario palabras espec&#xED;ficas sobre este tema y producen textos sobre &#xE9;l, como los periodistas. En el campo de la formaci&#xF3;n docente, los profesorados son un espacio de consulta privilegiado, ya que los futuros profesores ser&#xE1;n los responsables de una utilizaci&#xF3;n precisa de las distintas voces especializadas aqu&#xED; seleccionadas y expuestas. Destinamos tambi&#xE9;n esta obra a los padres, a todas las personas que comparten tiempo con ni&#xF1;os en &#xE1;mbitos escolares o colectivos, y a la ciudadan&#xED;a en general, quienes se enfrentan con esta problem&#xE1;tica a diario, debido a que el bulllying es un tema que nos ata&#xF1;e a todos como sociedad. [Nota del editor]</subfield>
  </datafield>
  <datafield tag="650" ind1=" " ind2="4">
    <subfield code="a">Acoso moral en la escuela</subfield>
    <subfield code="x">Violencia en la escuela</subfield>
    <subfield code="x">Ciberacoso</subfield>
    <subfield code="v">Diccionarios</subfield>
  </datafield>
  <datafield tag="942" ind1=" " ind2=" ">
    <subfield code="2">udc</subfield>
    <subfield code="c">LPD</subfield>
    <subfield code="n">0</subfield>
  </datafield>
  <datafield tag="999" ind1=" " ind2=" ">
    <subfield code="c">46</subfield>
    <subfield code="d">46</subfield>
  </datafield>
  <datafield tag="952" ind1=" " ind2=" ">
    <subfield code="0">0</subfield>
    <subfield code="1">0</subfield>
    <subfield code="2">udc</subfield>
    <subfield code="4">0</subfield>
    <subfield code="7">0</subfield>
    <subfield code="8">CG</subfield>
    <subfield code="a">ESOCIALES</subfield>
    <subfield code="b">ESOCIALES</subfield>
    <subfield code="d">2023-08-28</subfield>
    <subfield code="l">0</subfield>
    <subfield code="o">364.634(038) OS81</subfield>
    <subfield code="p">000826</subfield>
    <subfield code="r">2023-08-28 00:00:00</subfield>
    <subfield code="w">2023-08-28</subfield>
    <subfield code="y">LPD</subfield>
  </datafield>
</record>
